| 000 | 00704nam a2200205 i 4500 | ||
|---|---|---|---|
| 001 | 27279 | ||
| 003 | ES-MaACL | ||
| 005 | 20230906153606.0 | ||
| 007 | t| | ||
| 008 | 030114s1970 sp |||| | spa d | ||
| 110 | 2 |
_aAsociación de Hidalgos a Fuero de España. _9144045 |
|
| 245 | 1 | 0 |
_aPadrón de estado... / _cAsociación de Hidalgos a Fuero de España. |
| 260 |
_aMadrid : _b[s.n., _c1970] ( _fGráf. Diana) |
||
| 300 |
_a1 v. : _bil. ; _c18 cm. |
||
| 505 | 8 |
_aContiene: T. IV ; _t(Expedientes 2378 al 3149), años 1966-67-68 |
|
| 650 | 4 |
_aNobleza- _zEspaña- _vDirectorios. _9157920 |
|
| 650 | 0 | 4 |
_aHeráldica- _zEspaña. _913317 |
| 651 | 4 |
_aEspaña- _xGenealogía. _98199 |
|
| 852 |
_aES-MaACL _jP-1899 |
||
| 999 |
_c27279 _d27279 |
||